Normal view MARC view

Entry Nombre personal

Number of records used in: 1

001 - NÚMERO DE CONTROL

  • campo de control: 959

003 - IDENTIFICADOR DE NÚMERO DE CONTROL

  • campo de control: DLC

005 - FECHA Y HORA DE LA ÚLTIMA TRANSACCIÓN

  • campo de control: 20260325083151.0

008 - ELEMENTOS DE DATO DE LONGITUD-FIJA

  • campo de control de longitud fija: 810804n| azannaabn |n aaa

010 ## - NÚMERO DE CONTROL DE LA BIBLIOTECA DEL CONGRESO

  • Número de control de LC: n 81058806

035 ## - NÚMERO DE CONTROL DEL SISTEMA

  • Número de control de sistema: (OCoLC)oca00604268

040 ## - FUENTE DE CATALOGACIÓN

  • Centro catalogador/agencia de origen: DLC
  • Lengua de catalogación: eng
  • Normas de descripción: rda
  • Centro/agencia transcriptor: DLC
  • Centro/agencia modificador: UPB

046 ## - FECHAS CON CODIFICACIÓN ESPECIAL

  • Fecha de nacimiento: 1930
  • Fecha de la muerte: 1979
  • Fuente del esquema de fecha: edtf

100 1# - ENCABEZAMIENTO-NOMBRE DE PERSONA

  • Nombre de persona: Masotta, Oscar,
  • Fechas asociadas al nombre: 1930-1979

370 ## - LUGAR ASOCIADO

  • Lugar de nacimiento: Buenos Aires (Argentina)
  • Lugar de fallecimiento: Barcelona (Spain)
  • Fuente del término: naf

374 ## - OCUPACIÓN

  • Ocupación: Essayists
  • Ocupación: Artists
  • Fuente del término: lcsh

375 ## - GÉNERO/SEXO

  • Género: Males
  • Fuente del término: lcdgt

377 ## - IDIOMA ASOCIADO

  • Código del idioma: spa

670 ## - FUENTE DE DATOS ENCONTRADOS

  • Cita de la fuente: His Sexo y traición en Roberto Arlt, 1965.

670 ## - FUENTE DE DATOS ENCONTRADOS

  • Cita de la fuente: His El modelo pulsional, c1980:
  • Información encontrada: t.p. (Oscar Masotta) p. 4 of cover (1930-1979)

670 ## - FUENTE DE DATOS ENCONTRADOS

  • Cita de la fuente: Oscar Masotta, 2017:
  • Información encontrada: title page (Oscar Masotta) page 242 (Buenos Aires, 1930-Barcelona, 1979; essayist and artist; wrote on art, literature, comic strips, politics and psychoanalysis)